00305nam a22001097a 450000500170000002000180001708200140003510000150004924500510006426000690011530000110018420260202150344.0 a9789395161572 a579 ANE.A aAneja K.R. aA textbook of basic and applied microbiology / aNew Delhi:bNew age international (P) limited, publisherscc2024 a774 p.